Krizová komunikace

Zásady dobre zvládnutej krízovej komunikácie. Desať rád ako sa pripraviť na krízu. Desať rád ako zvládať krízu. Tipy, odkiaľ môže prísť kríza.

Na minha lista:
Detalhes bibliográficos
Autor principal: Bohuněk, Bohuslav
Formato: Capítulo de Livro
Idioma:tcheco
Assuntos:
Tags: Adicionar Tag
Sem tags, seja o primeiro a adicionar uma tag!

MARC

LEADER 00000naa a2200000 4500
001 0157366
005 20240315071901.4
041 0 |a cze 
044 |a CZ 
245 1 0 |a Krizová komunikace  |c Bohuslav Bohuněk 
520 |a Zásady dobre zvládnutej krízovej komunikácie. Desať rád ako sa pripraviť na krízu. Desať rád ako zvládať krízu. Tipy, odkiaľ môže prísť kríza. 
610 2 0 |a kríza 
610 2 0 |a kríza podniku 
610 2 0 |a komunikácia 
610 2 0 |a podnik 
610 2 0 |a médiá 
610 2 0 |a zodpovednosť 
610 2 0 |a zamestnanci 
100 1 |a Bohuněk, Bohuslav